JAKIE UKŁADY KART ZNAJDUJĄ SIĘ W POKERZE? - Statystyki

Ogólne statystyki
  • Ten quiz został rozwiązany 77 razy
  • Średni wynik to 5 z 6
Statystyki odpowiedzi
Odpowiedź % Poprawnych
POKER
96%
PARA
92%
TRÓJKA
85%
KARETA
83%
FULL
74%
KOLOR
71%
Nie znaleziono quizów pasujących do podanych kryteriów
Rozkład punktacji
Procent ludzi z każdym wynikiem
Percentyl według liczby udzielonych odpowiedzi
Twoja historia wyników
Nie rozwiązałeś tego quizu